000 02029nam0a2200313 4500
001 RU\NLR\BIBL_A\011305446
005 20170124152956.0
010 _a978-5-93160-222-6
_9130
021 _aRU
_b2016-94526
_96263
035 _a(NLR Aleph) 011305446
090 _a10993516
_c10993516
100 _a20170109d2016 um y0rusy50 ca
101 0 _arus
102 _aRU
105 _aa|||j|||000zy
200 1 _aИнформационные системы: назначение, создание, использование в деятельности подразделений оперативно-разыскной информации
_eучебное пособие
_e[для преподавателей образовательных организаций МВД России]
_fД.Б. Панюшин, С.В. Щербич
_gМ-во внутр. дел Рос. Федерации, Тюм. ин-т повышения квалификации сотрудников МВД России
210 _aТюмень
_cРедакционно-издательское отделение Тюменского института повышения квалификации сотрудников МВД России
_d2016
215 _a39 с.
_cил.
_d30
225 1 _aПрактика, опыт, знание, профессионализм!
320 _aБиблиогр.: с. 38 (4 назв.) и в подстроч. примеч.
606 1 _aОрганы внутренних дел
_xОперативно-розыскная деятельность
_xИнформационное обеспечение
_yРоссийская Федерация
_jУчебные издания
_2nlr_sh1
_2nlr_sh2
_3RU\NLR\AUTH\661434776
686 1 _aХ621.163.01ф.я7
700 1 _aПанюшин
_bД. Б.
_gДенис Борисович
701 1 _aЩербич
_bС. В.
_gСергей Викторович
942 _cBOOK
980 _aNBR
980 _aNB